|
|
|
|
| LEADER |
00644nta a2200181 i 4500 |
| 001 |
dokt3702 |
| 005 |
20240903112425.0 |
| 008 |
170209s1983 hu om 000 hun d |
| 040 |
|
|
|a SZTE Doktori Repozitórium
|b hun
|
| 041 |
|
|
|a hun
|
| 100 |
1 |
|
|a Debreczeny Ivánné
|
| 245 |
1 |
3 |
|a Az értelmiség Szegeden a Gömbös-kormányzat idején /1932-1936/
|h [elektronikus dokumentum] /
|c Debreczeny Ivánné
|
| 260 |
|
|
|c 1983
|
| 502 |
|
|
|a Disszertacio
|
| 650 |
|
4 |
|a történelemtudományok
|
| 650 |
|
4 |
|a Történettudomány
|
| 700 |
0 |
1 |
|a Hegyi András
|e ths
|
| 856 |
4 |
0 |
|u https://doktori.bibl.u-szeged.hu/id/eprint/3702/1/1983_debreczeny_ivanne.pdf
|z Dokumentum-elérés
|